सामान्य एवं दैनिक विज्ञान / (Record no. 13999)

MARC details
000 -LEADER
fixed length control field 12225nam a22006977a 4500
005 - DATE AND TIME OF LATEST TRANSACTION
control field 20080625141927.0
008 - FIXED-LENGTH DATA ELEMENTS--GENERAL INFORMATION
fixed length control field 080625t xxu||||| |||| 00| 0 hin d
010 ## - LCCN (DPL NO)
LC control number HIN-83633 B-303570-606
020 ## - INTERNATIONAL STANDARD BOOK NUMBER
International Standard Book Number 9788190461580
Terms of availability 200.00
035 ## - SYSTEM CONTROL NUMBER
System control number HN-55979 B-303570-606
037 ## - SOURCE OF ACQUISITION
Source of stock number/acquisition पु.प्र.अ.प्र./प्रका
040 ## - CATALOGING SOURCE
Original cataloging agency DPL
Language of cataloging HN
082 ## - DEWEY DECIMAL CLASSIFICATION NUMBER
Classification number 500
100 ## - MAIN ENTRY--PERSONAL NAME
Personal name गुप्ता, मुकेश
9 (RLIN) 26769
245 ## - TITLE STATEMENT
Title सामान्य एवं दैनिक विज्ञान /
Statement of responsibility, etc मुकेश गुप्ता
246 ## - VARYING FORM OF TITLE
Title proper/short title Samanya evam dainik vigyan
Remainder of title by Mukesh Gupta
260 ## - PUBLICATION, DISTRIBUTION, ETC. (IMPRINT)
Place of publication, distribution, etc जयपुर
Name of publisher, distributor, etc रवि बुक डिस्ट्रीब्यूटर्स
Date of publication, distribution, etc 2007
270 ## - ADDRESS
Address 3795, मालपानी भवन बढ़ का कुआँ, विष्णु मार्ग, गणगौरी बाजार
City जयपुर
Postal code 2
300 ## - PHYSICAL DESCRIPTION
Extent 204पृ
Dimensions 22सेमी(सजिल्द)
650 ## - SUBJECT ADDED ENTRY--TOPICAL TERM
Topical term or geographic name as entry element Science
9 (RLIN) 26770
942 ## - ADDED ENTRY ELEMENTS (KOHA)
Item type Hindi Books
Source of classification or shelving scheme Dewey Decimal Classification
Classification part 500
Call number suffix गुप्तामु
Holdings
Withdrawn status Lost status Source of classification or shelving scheme Damaged status Not for loan Collection code Home library Current library Date acquired Source of acquisition Cost, normal purchase price Total Checkouts Full call number Barcode Date last seen Copy number Cost, replacement price Koha item type Total Renewals
    Dewey Decimal Classification     Non-fiction Andrews Gunj Andrews Gunj 21/04/2009 रवि बुक डिस्ट्रीब्यूटर्स/137/30.9.08/410/4.9.08/8.10.08 200.00   500 गुप्तामु B-303582 21/04/2009 1 200.00 Hindi Books  
    Dewey Decimal Classification     Non-fiction Bagh Kadhe Khan Bagh Kadhe Khan 21/04/2009 रवि बुक डिस्ट्रीब्यूटर्स/137/30.9.08/410/4.9.08/8.10.08 200.00   500 गुप्तामु B-303585 21/04/2009 1 200.00 Hindi Books  
    Dewey Decimal Classification     Non-fiction Bawana Bawana 21/04/2009 रवि बुक डिस्ट्रीब्यूटर्स/137/30.9.08/410/4.9.08/8.10.08 200.00 3 500 गुप्तामु B-303587 13/07/2019 1 200.00 Hindi Books  
    Dewey Decimal Classification     Non-fiction Central Jail Tihar Central Jail Tihar 21/04/2009 रवि बुक डिस्ट्रीब्यूटर्स/137/30.9.08/410/4.9.08/8.10.08 200.00   500 गुप्तामु B-303577 21/04/2009 1 200.00 Hindi Books  
    Dewey Decimal Classification     Non-fiction Central Library Central Library 21/04/2009 रवि बुक डिस्ट्रीब्यूटर्स/137/30.9.08/410/4.9.08/8.10.08 200.00   500 गुप्तामु B-303570 21/04/2009 1 200.00 Hindi Books  
    Dewey Decimal Classification   Not For Loan Non-fiction D.B.Act.Division D.B.Act.Division 25/06/2008 पु.प्र.अ.प्र /प्रका 200.00   500 गुप्तामु HN-55979 15/09/2008 1 200.00 Hindi Books  
    Dewey Decimal Classification     Non-fiction Diz Area Diz Area 21/04/2009 रवि बुक डिस्ट्रीब्यूटर्स/137/30.9.08/410/4.9.08/8.10.08 200.00   500 गुप्तामु B-303578 21/04/2009 1 200.00 Hindi Books  
    Dewey Decimal Classification     Non-fiction Jagrati Enclave Jagrati Enclave 21/04/2009 रवि बुक डिस्ट्रीब्यूटर्स/137/30.9.08/410/4.9.08/8.10.08 200.00   500 गुप्तामु B-303593 21/04/2009 1 200.00 Hindi Books  
    Dewey Decimal Classification     Non-fiction Karol Bagh Karol Bagh 21/04/2009 रवि बुक डिस्ट्रीब्यूटर्स/137/30.9.08/410/4.9.08/8.10.08 200.00   500 गुप्तामु B-303584 21/04/2009 1 200.00 Hindi Books  
    Dewey Decimal Classification     Non-fiction Kasturba Gandhi Marg Kasturba Gandhi Marg 21/04/2009 रवि बुक डिस्ट्रीब्यूटर्स/137/30.9.08/410/4.9.08/8.10.08 200.00   500 गुप्तामु B-303574 21/04/2009 1 200.00 Hindi Books  
    Dewey Decimal Classification     Non-fiction Katevara Katevara 21/04/2009 रवि बुक डिस्ट्रीब्यूटर्स/137/30.9.08/410/4.9.08/8.10.08 200.00   500 गुप्तामु B-303588 21/04/2009 1 200.00 Hindi Books  
    Dewey Decimal Classification     Non-fiction Mobile Library Mobile Library 21/04/2009 रवि बुक डिस्ट्रीब्यूटर्स/137/30.9.08/410/4.9.08/8.10.08 200.00   500 गुप्तामु B-303571 21/04/2009 2 200.00 Hindi Books  
    Dewey Decimal Classification     Non-fiction Mobile Library Mobile Library 21/04/2009 रवि बुक डिस्ट्रीब्यूटर्स/137/30.9.08/410/4.9.08/8.10.08 200.00   500 गुप्तामु B-303572 21/04/2009 2 200.00 Hindi Books  
    Dewey Decimal Classification     Non-fiction Mundaka Mundaka 21/04/2009 रवि बुक डिस्ट्रीब्यूटर्स/137/30.9.08/410/4.9.08/8.10.08 200.00   500 गुप्तामु B-303589 21/04/2009 1 200.00 Hindi Books  
    Dewey Decimal Classification     Non-fiction Narela Narela 21/04/2009 रवि बुक डिस्ट्रीब्यूटर्स/137/30.9.08/410/4.9.08/8.10.08 200.00   500 गुप्तामु B-303586 21/04/2009 1 200.00 Hindi Books  
    Dewey Decimal Classification     Non-fiction Patel Nagar Patel Nagar 21/04/2009 रवि बुक डिस्ट्रीब्यूटर्स/137/30.9.08/410/4.9.08/8.10.08 200.00   500 गुप्तामु B-303573 21/04/2009 1 200.00 Hindi Books  
    Dewey Decimal Classification     Non-fiction Patel Nagar Patel Nagar 21/04/2009 रवि बुक डिस्ट्रीब्यूटर्स/137/30.9.08/410/4.9.08/8.10.08 200.00 2 500 गुप्तामु B-303579 15/02/2019 1 200.00 Hindi Books  
    Dewey Decimal Classification     Non-fiction Peshwa Road Peshwa Road 21/04/2009 रवि बुक डिस्ट्रीब्यूटर्स/137/30.9.08/410/4.9.08/8.10.08 200.00   500 गुप्तामु B-303575 21/04/2009 1 200.00 Hindi Books  
    Dewey Decimal Classification     Non-fiction R.C.Libraries (BL-I) R.C.Libraries (BL-I) 21/04/2009 रवि बुक डिस्ट्रीब्यूटर्स/137/30.9.08/410/4.9.08/8.10.08 200.00   500 गुप्तामु B-303594 21/04/2009 1 200.00 Hindi Books  
    Dewey Decimal Classification     Non-fiction R.C.Libraries (BL-III) R.C.Libraries (BL-III) 21/04/2009 रवि बुक डिस्ट्रीब्यूटर्स/137/30.9.08/410/4.9.08/8.10.08 200.00   500 गुप्तामु B-303601 21/04/2009 3 200.00 Hindi Books  
    Dewey Decimal Classification     Non-fiction R.C.Libraries (BL-III) R.C.Libraries (BL-III) 21/04/2009 रवि बुक डिस्ट्रीब्यूटर्स/137/30.9.08/410/4.9.08/8.10.08 200.00   500 गुप्तामु B-303602 21/04/2009 3 200.00 Hindi Books  
    Dewey Decimal Classification     Non-fiction R.C.Libraries (BL-III) R.C.Libraries (BL-III) 21/04/2009 रवि बुक डिस्ट्रीब्यूटर्स/137/30.9.08/410/4.9.08/8.10.08 200.00   500 गुप्तामु B-303603 21/04/2009 3 200.00 Hindi Books  
    Dewey Decimal Classification     Non-fiction R.C.Libraries (BL-IV) R.C.Libraries (BL-IV) 21/04/2009 रवि बुक डिस्ट्रीब्यूटर्स/137/30.9.08/410/4.9.08/8.10.08 200.00   500 गुप्तामु B-303604 21/04/2009 3 200.00 Hindi Books  
    Dewey Decimal Classification     Non-fiction R.C.Libraries (BL-IV) R.C.Libraries (BL-IV) 21/04/2009 रवि बुक डिस्ट्रीब्यूटर्स/137/30.9.08/410/4.9.08/8.10.08 200.00   500 गुप्तामु B-303605 21/04/2009 3 200.00 Hindi Books  
    Dewey Decimal Classification     Non-fiction R.C.Libraries (BL-IV) R.C.Libraries (BL-IV) 21/04/2009 रवि बुक डिस्ट्रीब्यूटर्स/137/30.9.08/410/4.9.08/8.10.08 200.00   500 गुप्तामु B-303606 21/04/2009 3 200.00 Hindi Books  
Withdrawn   Dewey Decimal Classification     Non-fiction R.C.Libraries (zls) R.C.Libraries (zls) 21/04/2009 रवि बुक डिस्ट्रीब्यूटर्स/137/30.9.08/410/4.9.08/8.10.08 200.00   500 गुप्तामु B-303596 21/04/2009 6 200.00 Hindi Books  
    Dewey Decimal Classification     Non-fiction R.C.Libraries (zls) R.C.Libraries (zls) 21/04/2009 रवि बुक डिस्ट्रीब्यूटर्स/137/30.9.08/410/4.9.08/8.10.08 200.00   500 गुप्तामु B-303597 21/04/2009 6 200.00 Hindi Books  
    Dewey Decimal Classification     Non-fiction R.C.Libraries (zls) R.C.Libraries (zls) 21/04/2009 रवि बुक डिस्ट्रीब्यूटर्स/137/30.9.08/410/4.9.08/8.10.08 200.00   500 गुप्तामु B-303598 21/04/2009 6 200.00 Hindi Books  
    Dewey Decimal Classification     Non-fiction R.C.Libraries (zls) R.C.Libraries (zls) 21/04/2009 रवि बुक डिस्ट्रीब्यूटर्स/137/30.9.08/410/4.9.08/8.10.08 200.00   500 गुप्तामु B-303600 21/04/2009 6 200.00 Hindi Books  
    Dewey Decimal Classification     Non-fiction R.K.Puram-8 R.K.Puram-8 21/04/2009 रवि बुक डिस्ट्रीब्यूटर्स/137/30.9.08/410/4.9.08/8.10.08 200.00   500 गुप्तामु B-303581 21/04/2009 1 200.00 Hindi Books  
    Dewey Decimal Classification     Non-fiction Sarojini Nagar Sarojini Nagar 21/04/2009 रवि बुक डिस्ट्रीब्यूटर्स/137/30.9.08/410/4.9.08/8.10.08 200.00   500 गुप्तामु B-303580 21/04/2009 1 200.00 Hindi Books  
    Dewey Decimal Classification     Non-fiction Sarojini Nagar Sarojini Nagar 21/04/2009 रवि बुक डिस्ट्रीब्यूटर्स/137/30.9.08/410/4.9.08/8.10.08 200.00 1 500 गुप्तामु B-303595 04/02/2021 6 200.00 Hindi Books  
    Dewey Decimal Classification     Non-fiction Sarojini Nagar Sarojini Nagar 21/04/2009 रवि बुक डिस्ट्रीब्यूटर्स/137/30.9.08/410/4.9.08/8.10.08 200.00 1 500 गुप्तामु B-303599 21/03/2020 6 200.00 Hindi Books 2
    Dewey Decimal Classification     Non-fiction Shahdara Branch Shahdara Branch 21/04/2009 रवि बुक डिस्ट्रीब्यूटर्स/137/30.9.08/410/4.9.08/8.10.08 200.00   500 गुप्तामु B-303590 21/04/2009 1 200.00 Hindi Books  
    Dewey Decimal Classification     Non-fiction Sriniwas Puri Sriniwas Puri 21/04/2009 रवि बुक डिस्ट्रीब्यूटर्स/137/30.9.08/410/4.9.08/8.10.08 200.00   500 गुप्तामु B-303583 21/04/2009 1 200.00 Hindi Books  
    Dewey Decimal Classification     Non-fiction Tri Nagar Tri Nagar 21/04/2009 रवि बुक डिस्ट्रीब्यूटर्स/137/30.9.08/410/4.9.08/8.10.08 200.00   500 गुप्तामु B-303576 21/04/2009 1 200.00 Hindi Books  
    Dewey Decimal Classification     Non-fiction Vigyan Vihar Vigyan Vihar 21/04/2009 रवि बुक डिस्ट्रीब्यूटर्स/137/30.9.08/410/4.9.08/8.10.08 200.00   500 गुप्तामु B-303592 21/04/2009 1 200.00 Hindi Books  
    Dewey Decimal Classification     Non-fiction Yojana Vihar Yojana Vihar 21/04/2009 रवि बुक डिस्ट्रीब्यूटर्स/137/30.9.08/410/4.9.08/8.10.08 200.00   500 गुप्तामु B-303591 21/04/2009 1 200.00 Hindi Books  

© Delhi Public Library
Hit Counter
free hit counter